LDR 01028naa#a2200169#i#450# 001 EN\\bibl\19785 005 20260603022920.3 100 ## _a20260601b2026####ek#y0engy0150####ca 102 ## _aRU 200 1# _a"BY THE LAKE" SQUARE AS A SPECIALLY PROTECTED NATURAL AREAS IN VORONEZH: LANDSCAPE AND ECOLOGICAL ASSESSMENT OF THE TERRITORY _eConference article/thesis 210 1# _aVoronezh _cFSBE Institution of Higher Education Voronezh State University of Forestry and Technologies named after G.F. Morozov _d2026 215 ## _a6 с. 608 ## _aConference article/thesis _2local 675 ## _aСкверы и другие открытые пространства. 711.61 _aМероприятия по формированию национальных парков и других охраняемых природных территорий, включая заповедники, лесопитомники и питомники растений. 712.23 _z 700 #1 _aHazova _gEkaterina Petrovna 700 #1 _aPerelygina _gE. N. 856 4# _abibl.vgltu.ru _u